Rolle der Identität und Sprache für das Zusammenleben in multikulturellem Europa bakalárska práca

Salvato in:
Dettagli Bibliografici
Autore principale: Gaál, Richárd
Ente Autore: Fakulta aplikovaných jazykov EU v Bratislave. Katedra interkultúrnej komunikácie
Altri autori: Helmová, Milena, 1954-
Natura: Libro
Lingua:tedesco
Pubblicazione: Bratislava 2023
Tags: Aggiungi Tag
Nessun Tag, puoi essere il primo ad aggiungerne!!

MARC

LEADER 00000nbm a2200000 4500
001 0292848
005 20240902084143.7
041 0 |a ger 
044 |a SK 
245 1 0 |a Rolle der Identität und Sprache für das Zusammenleben in multikulturellem Europa  |b bakalárska práca  |c Richárd Gaál ; školiteľ: Milena Helmová 
264 1 |a Bratislava  |c 2023 
300 |a 46 s. 
100 1 |a Gaál, Richárd 
700 1 |a Helmová, Milena, 1954- 
710 2 |a Fakulta aplikovaných jazykov EU v Bratislave. Katedra interkultúrnej komunikácie